Medzinárodné organizácie na podporu BOZP

Najstaršiou organizáciou na podporu bezpečnej a zdravie neohrozujúcej práce je Medzinárodná organizácia práce (MOP). Organizačná štruktúra, aktivity MOP. Európske inštitúcie pre BOZP. Európska agentúra BOZP, Európska nadácia - ciele.

Salvato in:
Dettagli Bibliografici
Autore principale: Šukalová, Viera
Natura: Capitolo di libro
Lingua:slovacco
Soggetti:
Tags: Aggiungi Tag
Nessun Tag, puoi essere il primo ad aggiungerne!!

MARC

LEADER 00000naa$a2200000$$$4500
001 0115272
005 20231120112930.3
041 0 |a slo 
044 |a SK 
245 1 0 |a Medzinárodné organizácie na podporu BOZP  |c Viera Šukalová 
520 |a Najstaršiou organizáciou na podporu bezpečnej a zdravie neohrozujúcej práce je Medzinárodná organizácia práce (MOP). Organizačná štruktúra, aktivity MOP. Európske inštitúcie pre BOZP. Európska agentúra BOZP, Európska nadácia - ciele. 
610 2 0 |a bezpečnosť práce 
610 2 0 |a ochrana zdravia 
610 2 0 |a organizácie medzinárodné 
610 2 0 |a Európa 
100 1 |a Šukalová, Viera